Trasferimenti più costosi - Polonia - Statistics

Statistiche generali
  • Questo quiz è stato fatto 77 volte
    22 dall'ultimo reset
  • Il punteggio medio è 10 su 16
Statistiche sulle risposte
Costo (M €) Da A Anno Calciatore % Corretto
35 Genoa Milan 2019 Krzysztof Piątek
100%
24 Milan Hertha Berlino 2020 Krzysztof Piątek
100%
10 Basaksehir Al-Duhail SC 2025 Krzysztof Piatek
100%
45 Bayern Monaco Barcellona 2022 Robert Lewandowski
95%
32 Ajax Napoli 2016 Arkadiusz Milik
91%
16 Udinese Napoli 2016 Piotr Zieliński
91%
25 Spezia Arsenal 2023 Jakub Kiwior
77%
11 Torino Monaco 2016 Kamil Glik
77%
18 Arsenal Juventus 2017 Wojciech Szczęsny
73%
27,50 Siviglia Paris-Saint Germain 2016 Grzegorz Krychowiak
68%
12 Paris Saint-Germain Lokomotiv Mosca 2019 Grzegorz Krychowiak
68%
15,75 Nottingham Forest Aston Villa 2020 Matty Cash
55%
10 Lech Poznan Wolfsburg 2022 Jakub Kamiński
14%
13,50 Copenaghen Wolfsburg 2024 Kamil Grabara
14%
11 Lech Poznan Brighton 2020 Jakub Moder
9%
11 Pogon Szczecin Brighton 2022 Kacper Kozłowski
9%
Nessun quiz corrispondente trovato
Distribuzione punteggi
Percentuale di utenti per punteggio
Percentile per numero di risposta
I tuoi punteggi nel tempo
Non hai fatto questo quiz dall'ultimo reset